00610nam a2200193Ia 4500008004100000020000700041082001700048100002400065245004300089250000800132260003600140300002400176500001900200600002700219650001500246942000700261952013300268999001500401240925s9999 xx 000 0 und d aNA a621.3192 BOG aBogart ,Theodore F. 0aElectronic Devices and circuits Theory a3rd aLondon:bPrentice, Hallc,1993. a988p.bNAfOriginal aIncludes Index aElectronic Engineering aTechnology cBK 011440708ELaUITUbUITUd1998-01-29eLink International g120.00l0o621.3192 BOGpQ1443r2024-09-25 07:12:26w2024-09-25yBK c3942d3942